logo

Bir Sreshtho Munshi Abdur Rouf Library
Jhenaidah Cadet College

Military rule and the myth of democracy / (Record no. 9271)

MARC details
000 -LEADER
fixed length control field 00632nam a2200229 a 4500
001 - CONTROL NUMBER
JCCL Control Number 9271
003 - CONTROL NUMBER IDENTIFIER
JCCL marc code BD-JhCC
005 - DATE AND TIME OF LATEST TRANSACTION
control field 20180521102408.0
008 - FIXED-LENGTH DATA ELEMENTS--GENERAL INFORMATION
fixed length control field 180312s1988 bg |||| |||| 001 0 eng d
035 ## - SYSTEM CONTROL NUMBER
system control number (BD-JhCC)9271
040 ## - CATALOGING SOURCE
Original cataloging agency BD-JhCC
Modifying agency BD-JhCC
041 ## - LANGUAGE CODE
Language code of Book eng
082 ## - DEWEY DECIMAL CLASSIFICATION NUMBER
Classification number 322.5095492
Author mark and Year AHA 1988
100 ## - MAIN ENTRY--PERSONAL NAME
Personal name Ahamed, Emajuddin
245 ## - TITLE STATEMENT
Title Military rule and the myth of democracy /
Statement of responsibility, etc Emajuddin Ahamed
260 ## - PUBLICATION, DISTRIBUTION, ETC. (IMPRINT)
Place of publication, distribution, etc Dhaka:
Name of publisher, distributor, etc University press Limited,
Date of publication, distribution, etc 1988.
300 ## - PHYSICAL DESCRIPTION
Pagination 148 p.:
Dimensions 23 cm.
504 ## - BIBLIOGRAPHY, ETC. NOTE
Bibliography, etc Include Index
650 ## - SUBJECT ADDED ENTRY--TOPICAL TERM
Topical term or geographic name as entry element Politics and government
Geographic subdivision Bangladesh
942 ## - ADDED ENTRY ELEMENTS (KOHA)
Source of classification or shelving scheme Dewey Decimal Classification
Koha item type Books
Holdings
Source of classification or shelving scheme Damaged status Not for loan Home library Current library Shelving location Date of accession Cost, normal purchase price Total Checkouts Full call number Barcode Date last seen Copy number Koha item type
Dewey Decimal Classification     JCC Rouf Library JCC Rouf Library General Stacks 03/12/2018 175.00   322.5095492 AHA 1988 12285 03/12/2018 C-1 Books

JCC Library | Contacts | JCC Home

Last Update on 23 September 2017
Copyright @ 2017-2020 JCC Rouf Library
Rouf Library, Jhenidah Cadet College (JCC), Bangladesh